VICO Y MARX : (Registro nro. 57869)
[ vista simple ]
| 000 -LEADER | |
|---|---|
| fixed length control field | 01144nam a2200241 a 4500 |
| 001 - CONTROL NUMBER | |
| control field | 57869 |
| 005 - DATE AND TIME OF LATEST TRANSACTION | |
| control field | 20180714054234.0 |
| 008 - FIXED-LENGTH DATA ELEMENTS--GENERAL INFORMATION | |
| fixed length control field | 140415s1990 mx 000 0 spa d |
| 020 ## - INTERNATIONAL STANDARD BOOK NUMBER | |
| International Standard Book Number | 9681634365 |
| 041 ## - LANGUAGE CODE | |
| Language code of text/sound track or separate title | spa |
| 082 ## - DEWEY DECIMAL CLASSIFICATION NUMBER | |
| Classification number | 101 |
| Item number | TAG |
| 245 00 - TITLE STATEMENT | |
| Title | VICO Y MARX : |
| Remainder of title | AFINIDADES Y CONTRASTES |
| 250 ## - EDITION STATEMENT | |
| Edition statement | 1a ed. |
| 260 ## - PUBLICATION, DISTRIBUTION, ETC. | |
| Place of publication, distribution, etc. | MEXICO : |
| Name of publisher, distributor, etc. | FONDO DE CULTURA ECONOMICA, |
| Date of publication, distribution, etc. | 1990 |
| 300 ## - PHYSICAL DESCRIPTION | |
| Extent | 570 |
| Dimensions | 15.5 x 1.8 x 22.9 |
| 490 ## - SERIES STATEMENT | |
| Series statement | SECCION DE OBRAS DE FILOSOFIA |
| 500 ## - GENERAL NOTE | |
| General note | TAGLIACOZZO, GIORGIO; es compilador de la obra |
| 520 ## - SUMMARY, ETC. | |
| Summary, etc. | LA PRESENTE COLECCION DE ENSAYOS INCLUYE TEXTOS DE 26 ESPECIALISTAS EN UNA CONTRIBUCION CARTOGRAFICA PARA EL DISEÑO DEL MAPA DE LAS CIENCIAS HUMANAS. RELEER AL PADRE DE LA FILOSOFIA DE LA HISTORIA A LA LUZ DEL PENSAMIENTO MARXISTA, Y VICEVERSA, RESULTA CAPITAL PARA ENTENDER LA EVOLUCION DEL PENSAMIENTO HUMANISTA Y LOS FUNDAMENTOS DE LAS CIENCIAS HUMANAS CONTEMPORANEAS. |
| 650 14 - SUBJECT ADDED ENTRY--TOPICAL TERM | |
| Topical term or geographic name entry element | HISTORIA |
| General subdivision | FILOSOFIA |
| -- | MARXISMO |
| -- | FILOSOFIA DEL SIGLO XIX |
| 700 1# - ADDED ENTRY--PERSONAL NAME | |
| Personal name | ORDIALES DE LA GARZA, SADIE |
| Relator term | tr. |
| 740 ## - ADDED ENTRY--UNCONTROLLED RELATED/ANALYTICAL TITLE | |
| Uncontrolled related/analytical title | VICO AND MARX: AFFINITIES AND CONTRASTS |
| 700 1# - ADDED ENTRY--PERSONAL NAME | |
| Personal name | TAGLIACOZZO, GIORGIO |
| Relator term | coaut. |
| Withdrawn status | Lost status | Source of classification or shelving scheme | Damaged status | Not for loan | Collection code | Home library | Current library | Shelving location | Date acquired | Source of acquisition | Inventory number | Total Checkouts | Full call number | Barcode | Date last seen | Date last checked out | Price effective from | Koha item type |
|---|---|---|---|---|---|---|---|---|---|---|---|---|---|---|---|---|---|---|
| Dewey Decimal Classification | General | Biblioteca Karol Wojtyla | Biblioteca Karol Wojtyla | Sala general | 03/12/2013 | Compra | 151000000000000000060365 | 101 TAG | 87359 | 05/01/2026 | 20/09/2016 | 03/12/2013 | Libro |